Social Darwinism in American thought.

Bibliographic Details
Main Author: Hofstadter, Richard, 1916-1970
Format: Book
Language:English
Published: Boston : Beacon Press, 1944
Edition:Rev. ed.
Series:Beacon contemporary affairs series.
Subjects:

MARC

Tag First Indicator Second Indicator Subfields
LEADER 00000cam a2200000 4500
001 in00000063445
005 20151007083103.0
008 731011s19551944mau 000 0 eng
010 |a  55011324  
035 |a (OCoLC)00716307 
035 |9 AAF8835AM 
040 |a DLC  |c YNG  |d OCL  |d TXA  |d UtOrBLW 
049 |a TXAM  |c [266058] 
050 0 |a HM22.U5  |b H6 1955 
092 |a 301  |b H713s, 1955 
100 1 |a Hofstadter, Richard,  |d 1916-1970. 
245 1 0 |a Social Darwinism in American thought. 
250 |a Rev. ed. 
264 1 |a Boston :  |b Beacon Press,  |c 1944 
264 4 |c ©1955 
300 |a 248 pages ;  |c 21 cm. 
336 |a text  |b txt  |2 rdacontent 
337 |a unmediated  |b n  |2 rdamedia 
338 |a volume  |b nc  |2 rdacarrier 
490 0 |a Beacon paperbacks ;  |v 16 
490 1 |a [Beacon contemporary affairs series] 
504 |a Includes bibliographical references and index. 
536 |a From the Library of Dr. James H. Copp, February 2004. 
650 0 |a Evolution. 
650 0 |a Sociology  |x History  |z United States. 
830 0 |a Beacon contemporary affairs series. 
999 |a MARS 
999 f f |s d432c0dd-dd07-3eab-a286-a15a31753500  |i b47a688e-305d-3850-8331-887583ee0a2d  |t 0 
952 f f |p normal  |a Texas A&M University  |b College Station  |c Sterling C. Evans Library  |d Evans: Library Stacks  |t 0  |e HM22.U5 H6 1955  |h Library of Congress classification  |i unmediated -- volume  |m A14800632545 
998 f f |a HM22.U5 H6 1955  |t 0  |l Evans: Library Stacks